Lightsaber Colors - Statistics

General Stats
  • This quiz has been taken 198 times
    186 since last reset
  • The average score is 8 of 8
Answer Stats
Answer % Correct
Blue
100%
Green
100%
Purple
100%
Red
100%
Yellow
99%
Orange
96%
White
96%
Black
94%
No matching quizzes found
Score Distribution
Percent of People with Each Score
Percentile by Number Answered
Your Score History
You have not taken this quiz since the last reset